Statistics for 5 Biggest Cities : Pakistan,

Click here to take the quiz!

General Stats

  • This quiz has been taken 87 times
  • The average score is 4 of 5

Answer Stats

RankCity% Correct
1.Karachi
99%
2.Lahore
97%
3.Faisalabad
61%
4.Rawalpindi
55%
5.Multan
45%

Score Distribution

Percentile by Number Answered

Percent of People with Each Score

Your Score History

You have not taken this quiz